Investment behavior and yields in some West German industries

Uložené v:
Podrobná bibliografia
Hlavný autor: Dicke, Hugo
Ďalší autori: Trapp, Peter
Médium: Kniha
Jazyk:English
Vydavateľské údaje: Kiel Institut für Weltwirtschaft 1984
Edícia:Working paper no. 205
Tagy: Pridať tag
Žiadne tagy, Buďte prvý, kto otaguje tento záznam!

MARC

LEADER 00000nam a2200000 4500
001 c114324
005 20181203150326.2
041 0 |a eng 
044 |a DE 
245 1 0 |a Investment behavior and yields in some West German industries  |c Hugo Dicke, Peter Trapp 
264 1 |a Kiel  |b Institut für Weltwirtschaft  |c 1984 
300 |a 24 s. 
490 1 |a Working paper  |v no. 205 
830 0 |a Working paper  |v no. 205 
100 1 |a Dicke, Hugo 
700 1 |a Trapp, Peter